- Rest, Jaime,
Entry Nombre Personal
001 - NUMERO DE CONTROL
- campo de control: 50998
003 - IDENTIFICADOR DE NUMERO DE CONTROL
- campo de control: UPN
005 - FECHA Y HORA DE LA ÜLTIMA TRANSACCIÓN
- campo de control: 20240212121220.0
008 - DATOS DE LONGITUD FIJA
- campo de control de longitud fija: 240212|| aca||abbn | aaa d
040 ## - FUENTE DE CATALOGACIÓN
- Agencia original de catalogación: MX-MxUPN
- Lenguaje de catalogación: spa
100 1# - ENCABEZAMIENTO - NOMBRE PERSONAL
- Nombre personal: Rest, Jaime,
- Fechas asociadas con el nombre: 1927-1979
370 ## - LUGAR ASOCIADO
- Place of birth: Buenos Aires, Argentina
- Place of death: Buenos Aires, Argentina
372 ## - CAMPO DE ACTIVIDAD
- Field of activity: Literatura inglesa
373 ## - GRUPO ASOCIADO
- Associated group: Universidad de Buenos Aires
- Start period: 1956
- End period: 1963.
373 ## - GRUPO ASOCIADO
- Associated group: Universidad Nacional del Sur
373 ## - GRUPO ASOCIADO
- Associated group: Centro Editor de América Latina
374 ## - OCUPACIÓN
- Occupation: Traductor
374 ## - OCUPACIÓN
- Occupation: Escritor
374 ## - OCUPACIÓN
- Occupation: Profesor universitario
374 ## - OCUPACIÓN
- Occupation: Critico literario
377 ## - LENGUA ASOCIADA
- Language code: esp
670 ## - FUENTE EN LA QUE SE LOCALIZARON DATOS
- Cita de la fuente: Library of Congress, 12 de febrero de 2024:
- Información localizada: (Rest, Jaime)
- Uniform Resource Identifier: https://lccn.loc.gov/n81149703
670 ## - FUENTE EN LA QUE SE LOCALIZARON DATOS
- Cita de la fuente: Wikipedia, 12 de febrero de 2024:
- Información localizada: (Fue un traductor, escritor, profesor y crítico literario argentino. Empleador: Universidad de Buenos Aires, Universidad Nacional del Sur, Centro Editor de América Latina. Ocupó varios cargos como docente en la Universidad de Buenos Aires. Compartió cátedra con Jorge Luis Borges, desde 1956 hasta 1963.)
- Uniform Resource Identifier: https://es.wikipedia.org/wiki/Jaime_Rest
670 ## - FUENTE EN LA QUE SE LOCALIZARON DATOS
- Cita de la fuente: Pagina 12, 12 de febrero de 2024:
- Información localizada: (Jaime Rest (1927-1979))
- Uniform Resource Identifier: https://www.pagina12.com.ar/diario/suplementos/libros/10-2295-2006-10-29.html
902 ## - CATALOGADOR
- Catalogador: MaríaRobles/120224
